| 000 | 00390nam a2200133Ia 4500 | ||
|---|---|---|---|
| 008 | 151021s9999 xx 000 0 und d | ||
| 020 | _a9966707670 | ||
| 050 | _aHD3028.Y33 2010 | ||
| 245 | _a_Guidelines on how to write MBA projects strategies and tactics | ||
| 260 | _aNairobi Lelax global 2010 | ||
| 300 | _aviii,64p. | ||
| 650 | _a_MBA projects | ||
| 980 | _a^d20110208 09:31:42^oanne | ||
| 999 |
_c6588 _d6588 |
||